| 000 | 00973nam a2200229 i 4500 | ||
|---|---|---|---|
| 001 | 172065 | ||
| 003 | ES-MaACL | ||
| 005 | 20250808062825.0 | ||
| 008 | 090612s1990 sp |||| | spa d | ||
| 020 | _a84-7914-011-9 | ||
| 100 | 1 |
_aSmet, Joaquín. _9106822 |
|
| 245 | 1 | 4 |
_aLos Carmelitas _b: historia de la Orden del Carmen. _nII, _pLas reformas, en busca de la autenticidad (1563-1750) / _cJoaquín Smet ; traducción y preparación de la edición española por Antonio Ruiz Molina. |
| 260 |
_aMadrid : _bBiblioteca de Autores Cristianos, _c1990. |
||
| 300 |
_aL, 656 p. ; _c20 cm. |
||
| 490 | 1 |
_aBiblioteca de Autores Cristianos ; _v510 |
|
| 536 | _aObra patrocinada por la Conferencia de Superiores y Superioras Mayores Carmelitas de la Región Ibérica | ||
| 610 | 2 |
_aCarmelitas- _vHistoria. _92444 |
|
| 700 | 1 |
_aRuiz Molina, Antonio. _9100877 |
|
| 830 | 0 | 0 |
_aBiblioteca de autores cristianos _v510 _9178679 |
| 852 |
_aES-MaACL _jJ-497 |
||
| 999 |
_c172065 _d172065 |
||